000 00715cam a2200241 a 4500
001 000009070
005 20200929161459.0
008 000201s1999 sp a 000 f spa d
020 _a8476478348
040 _aDO-SdBNP
_cDLC
_dDLC
082 _a863.64
_bD148h
100 1 _aDalmau, Ángeles,
_d1960-
_923715
245 1 0 _aHabanera /
_cÁngeles Dalmau.
260 _aMadrid :
_bAlgaida,
_c1999.
300 _a212 p. :
_bil. ;
_c23 cm.
586 _a"VIII Premio Internacional de Novela Luis Berenguer".
650 4 _aNovela española
_91123
650 4 _aVida cotidiana
_xNovela
_zEspaña
_923716
650 4 _aLiteratura española
_9632
910 _aCatalogación por copia / LC
910 _aWM
049 _aBNGR
999 _c8834
_d8834